| 000 | 00851nas a2200289 4500 | ||
|---|---|---|---|
| 001 | BR9901765 | ||
| 003 | BR-BrBNA | ||
| 005 | 20231205101333.0 | ||
| 007 | ta | ||
| 008 | 230509b bl.|||p| |||| 00| 00por d | ||
| 040 |
_aBR-BrBNA _bpor _cBiblioteca Nacional de Agricultura |
||
| 041 | _a(Pt) | ||
| 072 | _aF03 | ||
| 100 | 1 | _aDombroski, J.L.D. | |
| 100 | 1 | _aPaiva, R. | |
| 100 | 1 | _aCamargo, I.P. de | |
| 245 | 1 | _aEfeito de escarificacao sobre a germinacao do pequizeiro (Caryocar brasiliense Camb.) | |
| 650 | _aPequi | ||
| 650 | _aSemente | ||
| 650 | _aEscarificacao | ||
| 650 | _aAcido Giberelico | ||
| 650 | _aGerminacao | ||
| 650 | _aMinas Gerais | ||
| 773 | 0 |
_tRevista Brasileira de Fruticultura (Brazil) _xISSN 0100-2945 _g(1998), v. 20(1) p. 68-73 _wBR9901765 |
|
| 909 |
_a202311 _bLúcia _c55 _dLúcia Elande |
||
| 942 |
_2AGRIS _n0 _cANA |
||
| 999 |
_c161219 _d161219 |
||